Sehenswürdigkeiten Trier - Statistiken

Allgemein
  • Dieses Quiz wurde 51 mal gespielt
  • Das Durchschnittsergebnis liegt bei 8 aus 15
Antwortstatistiken
Ort Sehenswürdigkeit % Korrekt
Simeonstraße Porta Nigra
97%
Domfreihof Dom St. Peter
95%
Konstantinplatz Konstantin Basilika
77%
Palastgarten Kaiserthermen
72%
Simeonstiftplatz Karl Marx Statue
59%
Mosel Römerbrücke
56%
Olewig Amphitheater
54%
Südallee Barbarathermen
54%
Domfreihof Liebfrauen Kirche
54%
Simeonstraße Hauptmarkt
44%
Trier-West Mariensäule
44%
Palastgarten Kurfürstliches Palais
41%
Simeonstraße Dreikönigenhaus
15%
Nikolaus-Koch-Platz Frankenturm
15%
Mosel Moselkranen
15%
Keine übereinstimmenden Quizze gefunden
Verteilung der Resultate
Anzahl Personen mit jedem Resultat
Perzentil nach korrekt beantworteten Fragen
Ihre Resultats-Entwicklung
Sie haben dieses Quiz noch nicht gespielt